Basic biomechanics

Αποθηκεύτηκε σε:
Λεπτομέρειες βιβλιογραφικής εγγραφής
Κύριος συγγραφέας: Susan J. Hall
Μορφή: Βιβλίο
Γλώσσα:Undetermined
Έκδοση: Boston McGraw-Hill 2003
Θέματα:
Ετικέτες: Προσθήκη ετικέτας
Δεν υπάρχουν, Καταχωρήστε ετικέτα πρώτοι!
Thư viện lưu trữ: Trung tâm Học liệu Trường Đại học Cần Thơ
LEADER 00597nam a2200205Ia 4500
001 CTU_213612
008 210402s9999 xx 000 0 und d
082 |a 612.76 
082 |b H177 
100 |a Susan J. Hall 
245 0 |a Basic biomechanics 
245 0 |c Susan J. Hall 
260 |a Boston 
260 |b McGraw-Hill 
260 |c 2003 
650 |a Biomechanics,Biomechanics,Human physiology 
650 |x Problems, exercises, etc 
904 |i Tuyến 
910 |a Sách có kèm theo đĩa số: AV.001989, AV.001988 
980 |a Trung tâm Học liệu Trường Đại học Cần Thơ